书目信息 |
| 题名: |
立体构成
|
|
| 作者: | 蔡从烈 , 翁子扬 , 孙霖 编著 | |
| 分册: | ||
| 出版信息: | 武汉 武汉大学出版社 2003.08/ |
|
| 页数: | 122页 | |
| 开本: | 29cm | |
| 丛书名: | 高等学校艺术设计系列教材 | |
| 单 册: | ||
| 中图分类: | J061 | |
| 科图分类: | ||
| 主题词: | 立体--构图(美术)--高等学校--教材 | |
| 电子资源: | ||
| ISBN: | 7-307-04008-5 | |
| 000 | 00863nam1 2200277 45 | |
| 001 | 012003000000 | |
| 005 | 20050111145128.80 | |
| 010 | @a7-307-04008-5@dCNY 30.00 | |
| 100 | @a20040302d2003 ekmy0chiy0121 ea | |
| 101 | 0 | @achi |
| 102 | @aCN@b420000 | |
| 105 | @aaf z 000yy | |
| 200 | 1 | @a立体构成@Ali ti gou cheng@f蔡从烈, 翁子扬, 孙霖编著 |
| 210 | @a武汉@c武汉大学出版社@d2003.08/ | |
| 215 | @a122页@c图@d29cm | |
| 225 | 2 | @a高等学校艺术设计系列教材 |
| 320 | @a本书含参考文献 | |
| 330 | @a本书内容: 立体构成特性及设计理念, 空间立体造型的基本要素, …… | |
| 410 | 0 | @12001 @a高等学校艺术设计系列教材 |
| 606 | 0 | @a立体@x构图(美术)@x高等学校@j教材 |
| 690 | @aJ061@v4 | |
| 701 | 0 | @a蔡从烈@Acai cong lie@4编著 |
| 701 | 0 | @a翁子扬@Aweng zi yang@4编著 |
| 701 | 0 | @a孙霖@Asun lin@4编著 |
| 801 | 0 | @aCN@bQSSKb@c20050111 |
| 905 | @a10447@dJ061@eC020 | |
| 立体构成/蔡从烈, 翁子扬, 孙霖编著.-武汉:武汉大学出版社,2003.08/ |
| 122页:图;29cm.-(高等学校艺术设计系列教材) |
| ISBN 7-307-04008-5:CNY 30.00 |
| 本书内容: 立体构成特性及设计理念, 空间立体造型的基本要素, …… |
| ● |
| 相关链接 |
|
|
|
正题名:立体构成
索取号:J061/C020
 
预约/预借
| 序号 | 登录号 | 条形码 | 馆藏地/架位号 | 状态 | 备注 |
| 1 | 436244 | 204362448 | 自科二线404/309社科库 63排3列5层/ [索取号:J061/C020] | 在馆 | |
| 2 | 436245 | 204362457 | 社科库309/309社科库 63排3列5层/ [索取号:J061/C020] | 在馆 | |
| 3 | 436246 | 204362466 | 社科库309/309社科库 63排3列5层/ [索取号:J061/C020] | 在馆 |